00554nam a2200193Ia 4500008004100000020001800041050001400059100002700073245002400100245007700124245006000201260001500261260001600276260000900292300001400301300002700315300001000342500000800352170918s9999 xx 000 0 und d a9780439581431 bF246 2003 aFarris, Christine King aMy brother Martin : ba sister remembers growing up with the Rev. Dr. Martin Luther King Jr. / cChristine King Farris ; illustrated by Chris Soentpiet. aNew York : bScholastic, c2003 aunpaged : bcolored illustration ; c23cm. a970